书目信息 |
| 题名: |
园林景观政策与法规
|
|
| 作者: | 阎婫 主编 | |
| 分册: | ||
| 出版信息: | 北京 机械工业出版社 2007 |
|
| 页数: | 161页 | |
| 开本: | 26cm | |
| 丛书名: | ||
| 单 册: | ||
| 中图分类: | D922.297.1 | |
| 科图分类: | ||
| 主题词: | 城市规划--教材--高等教育--法规--中国 , 城市规划 , 法规 | |
| 电子资源: | ||
| ISBN: | 978-7-111-22173-9 | |
| 000 | 00913nam0 2200253 450 | |
| 001 | 3607 | |
| 005 | 20160926143836.20 | |
| 010 | @a978-7-111-22173-9@b平装@dCNY20.00 | |
| 100 | @a20080926d2007 em y0chiy0110 ea | |
| 101 | 0 | @achi |
| 102 | @aCN@b110000 | |
| 105 | @ay z 000yy | |
| 200 | 1 | @a园林景观政策与法规@9yuan lin jing guan zheng ce yu fa gui@f阎婫主编 |
| 210 | @a北京@c机械工业出版社@d2007 | |
| 215 | @a161页@d26cm | |
| 300 | @a高职高专园林景观类专业规划教材 | |
| 330 | @a本书对我国园林景观领域内现行的城市规划法规、城市绿化法规、风景名胜区法规、工程建设法规、合同法规、城市市政公用事业法规、森林法规和公园管理法规以及其他相关政策法规作了比较全面系统的介绍。 | |
| 606 | 0 | @a城市规划@j教材@x高等教育@x法规@y中国 |
| 606 | 0 | @a城市规划 |
| 606 | 0 | @a法规 |
| 690 | @aD922.297.1@v4 | |
| 701 | 0 | @a阎婫@9yan kun@4主编 |
| 801 | 0 | @aCN@b唐山师范学院图书馆@c20151001 |
| 905 | @aZUCC@dD922.297.1@e1278 | |
| 园林景观政策与法规/阎婫主编.-北京:机械工业出版社,2007 |
| 161页;26cm |
| 高职高专园林景观类专业规划教材 |
| ISBN 978-7-111-22173-9(平装):CNY20.00 |
| 本书对我国园林景观领域内现行的城市规划法规、城市绿化法规、风景名胜区法规、工程建设法规、合同法规、城市市政公用事业法规、森林法规和公园管理法规以及其他相关政策法规作了比较全面系统的介绍。 |
| ● |
| 相关链接 |
|
|
|
|
正题名:园林景观政策与法规
索取号:D922.297.1/1278
 
预约/预借
| 序号 | 登录号 | 条形码 | 馆藏地/架位号 | 状态 | 备注 |
| 1 | 905507 | 209055074 | 第一样本阅览室/ [索取号:D922.297.1/1278] | 在馆 | |
| 2 | 905508 | 209055083 | 第一借阅区/ [索取号:D922.297.1/1278] | 在馆 | |
| 3 | 905509 | 209055092 | 第一借阅区/ [索取号:D922.297.1/1278] | 在馆 |